[Event "World Senior Teams +50"]
[Site "Radebeul GER"]
[Date "2016.06.29"]
[Round "4.8"]
[Board "3"]
[White "Seyb, Dieter"]
[Black "Mai, Iris"]
[Result "1-0"]
[WhiteTitle "FM"]
[BlackTitle "WIM"]
[WhiteElo "2265"]
[BlackElo "2094"]
[WhiteTeam "SC Forchheim e.V."]
[BlackTeam "Germany 1 Women"]
[WhiteFideId "4603346"]
[BlackFideId "4627393"]
[EventDate "2016.06.26"]

1. e4 c5 2. Nf3 e6 3. c3 Nf6 4. e5 Nd5 5. d4 cxd4 6. cxd4 Nc6 7. a3 d6 8. Bd3
Qc7 9. O-O g6 10. Re1 Bg7 11. Qe2 O-O 12. Bd2 Bd7 13. Nc3 Nxc3 14. Bxc3 d5 15.
Rac1 a5 16. b4 Rfc8 17. b5 Ne7 18. a4 Qd8 19. g4 Bh6 20. Bd2 Bxd2 21. Qxd2 Rxc1
22. Rxc1 Rc8 23. Rxc8 Nxc8 24. Kg2 Nb6 25. Qxa5 Kf8 26. h4 h6 27. Kg3 Ke8 28.
Qd2 Nxa4 29. Qxh6 Nc3 30. Ng5 Qe7 31. h5 gxh5 32. Qh8+ Qf8 33. Qxh5 Ke7 34. Qh4
Ke8 35. Nh7 Qe7 36. Nf6+ Kd8 37. b6 Kc8 38. Qh8+ Qd8 39. Qg7 Be8 40. g5 Ba4 41.
Qxf7 Qxb6 42. Qf8+ Kc7 43. Qe7+ Kc8 44. Qc5+ Qxc5 45. dxc5 Kd8 46. g6 Be8 47. g7
Bf7 48. Bg6 1-0

[Event "World Senior Teams +50"]
[Site "Radebeul GER"]
[Date "2016.06.29"]
[Round "4.8"]
[Board "4"]
[White "Wolf, Sylvia"]
[Black "Kannenberg, Karl-Heinz"]
[Result "0-1"]
[WhiteTitle "WFM"]
[WhiteElo "2034"]
[BlackElo "2236"]
[WhiteTeam "Germany 1 Women"]
[BlackTeam "SC Forchheim e.V."]
[WhiteFideId "4612701"]
[BlackFideId "4643348"]
[EventDate "2016.06.26"]

1. e4 c6 2. d4 d5 3. e5 Bf5 4. Nc3 Qb6 5. Bd3 Bxd3 6. Qxd3 e6 7. Be3 Nd7 8. Nf3
Ne7 9. O-O Nf5 10. Ne2 Be7 11. c3 h6 12. b4 a5 13. a3 O-O 14. g4 Nh4 15. Nxh4
Bxh4 16. f4 Qd8 17. f5 Bg5 18. Kh1 Qe7 19. Bf2 Qd8 20. Qg3 Be7 21. fxe6 fxe6 22.
bxa5 Qxa5 23. Nf4 Bh4 24. Qxh4 Rxf4 25. Qe7 Rf7 26. Qxe6 Nf8 27. Qd6 Qxc3 28.
Bg3 Qxd4 29. Rae1 Rxf1+ 30. Rxf1 Qxg4 31. Rf4 Qe2 32. Qe7 Ng6 33. Qe6+ Kh7 34.
Rg4 Qf1# 0-1

[Event "World Senior Teams +50"]
[Site "Radebeul GER"]
[Date "2016.06.29"]
[Round "4.9"]
[Board "1"]
[White "Krebs, Johann"]
[Black "Clara, Hans-Joachim"]
[Result "1/2-1/2"]
[WhiteTitle "FM"]
[BlackTitle "FM"]
[WhiteElo "2273"]
[BlackElo "2320"]
[WhiteTeam "Graz"]
[BlackTeam "Hessische Seniorenmannschaft"]
[WhiteFideId "1603590"]
[BlackFideId "4600380"]
[EventDate "2016.06.26"]

1. d4 Nf6 2. c4 d6 3. Nc3 Nbd7 4. Nf3 g6 5. e4 e5 6. Be2 Bg7 7. O-O O-O 8. Qc2
c6 9. Be3 Ng4 10. Bg5 f6 11. Bd2 Qe7 1/2-1/2

[Event "World Senior Teams +50"]
[Site "Radebeul GER"]
[Date "2016.06.29"]
[Round "4.9"]
[Board "2"]
[White "Nehmert, Ulrich"]
[Black "Wegerer, Fred"]
[Result "1/2-1/2"]
[WhiteTitle "FM"]
[BlackTitle "FM"]
[WhiteElo "2324"]
[BlackElo "2110"]
[WhiteTeam "Hessische Seniorenmannschaft"]
[BlackTeam "Graz"]
[WhiteFideId "4600681"]
[BlackFideId "1601113"]
[EventDate "2016.06.26"]

1. e4 c5 2. f4 g6 3. Nf3 Nf6 4. Nc3 d5 5. Bb5+ Bd7 6. Bxd7+ Qxd7 7. Ne5 Qd8 8.
exd5 Nxd5 9. Qf3 e6 10. Qe2 a6 11. b3 Bg7 12. Nxd5 Qxd5 13. Bb2 Nc6 14. O-O Nd4
15. Qf2 Rd8 1/2-1/2

[Event "World Senior Teams +50"]
[Site "Radebeul GER"]
[Date "2016.06.29"]
[Round "4.9"]
[Board "3"]
[White "Detter, Peter"]
[Black "Bosbach, Gerhard"]
[Result "1/2-1/2"]
[WhiteElo "2028"]
[BlackElo "2217"]
[WhiteTeam "Graz"]
[BlackTeam "Hessische Seniorenmannschaft"]
[WhiteFideId "1603680"]
[BlackFideId "4605063"]
[EventDate "2016.06.26"]

1. Nf3 Nf6 2. c4 e6 3. g3 d5 4. Bg2 c6 5. Qc2 Nbd7 6. d4 Be7 7. Nbd2 O-O 8. O-O
b5 9. b3 a5 10. Bb2 bxc4 11. bxc4 Ba6 12. Rfe1 c5 13. Ne5 Rc8 14. Qa4 1/2-1/2

[Event "World Senior Teams +50"]
[Site "Radebeul GER"]
[Date "2016.06.29"]
[Round "4.9"]
[Board "4"]
[White "Kargoll, Herbert"]
[Black "Teuschler, Hugo"]
[Result "1-0"]
[WhiteElo "2185"]
[BlackElo "2033"]
[WhiteTeam "Hessische Seniorenmannschaft"]
[BlackTeam "Graz"]
[WhiteFideId "4636007"]
[BlackFideId "1608517"]
[EventDate "2016.06.26"]

1. e4 c5 2. Nf3 d6 3. Bb5+ Bd7 4. Bxd7+ Qxd7 5. O-O Nc6 6. d4 cxd4 7. Nxd4 g6 8.
Be3 Bg7 9. Nc3 Nf6 10. h3 O-O 11. Qd2 Rac8 12. Rad1 Rfd8 13. Rfe1 a6 14. Nxc6
Rxc6 15. Bh6 Bxh6 16. Qxh6 Qc7 17. Rd3 Re8 18. Rf3 Qa5 19. Re2 Rc5 20. Qf4 Rf8
21. a3 Rc4 22. Qd2 Rc7 23. Nd5 Qxd2 24. Nxf6+ exf6 25. Rxd2 Re8 26. Rxf6 Rxe4
27. Rfxd6 Kf8 28. f3 Re1+ 29. Kf2 Rc1 30. c3 Re7 31. Rb6 h5 32. h4 Kg7 33. Kg3
Rf1 34. Rc2 Rd1 35. c4 f5 36. c5 Rc7 37. c6 bxc6 38. Rxa6 c5 39. b4 c4 40. b5
Rb1 41. a4 f4+ 42. Kxf4 c3 43. Rc6 Rb4+ 44. Ke5 Re7+ 45. Kd6 Kf7 46. R2xc3 Rd4+
47. Kc5 Rxa4 48. Rc4 Ra2 49. Rf4+ Kg7 50. g4 Re5+ 51. Kb6 Rb2 52. Rc7+ Kg8 53.
Rc5 Re6+ 54. Kc7 hxg4 55. Rxg4 Rf6 56. Rc6 Rf7+ 57. Kb6 Rf5 58. Rc5 Rf6+ 59. Ka5
Ra2+ 60. Kb4 Rb2+ 61. Ka3 Rb1 62. Ka2 Rf1 63. h5 Rf2+ 64. Kb1 R6xf3 65. Rxg6+
Kf7 66. Rc7+ Kf8 67. Rb6 Rf1+ 68. Kb2 R1f2+ 69. Rc2 Rxc2+ 70. Kxc2 Rh3 71. h6
Ke8 72. h7 Kd7 73. Rb7+ Kc8 74. Rg7 1-0

[Event "World Senior Teams +50"]
[Site "Radebeul GER"]
[Date "2016.06.29"]
[Round "4.10"]
[Board "1"]
[White "Becker, Norbert"]
[Black "Plaskett, H James"]
[Result "0-1"]
[BlackTitle "GM"]
[WhiteElo "2092"]
[BlackElo "2445"]
[WhiteTeam "Rochade Bielefeld Revival"]
[BlackTeam "England 2"]
[WhiteFideId "4675649"]
[BlackFideId "400238"]
[EventDate "2016.06.26"]

1. e4 c5 2. Nf3 e6 3. d3 Nc6 4. g3 d5 5. Nbd2 Nge7 6. Bg2 g6 7. O-O Bg7 8. Re1
b6 9. e5 Qc7 10. Qe2 h6 11. h4 a5 12. Nf1 Ba6 13. Bf4 g5 14. hxg5 Ng6 15. Bd2
hxg5 16. Bxg5 Ncxe5 17. Nxe5 Qxe5 18. Qg4 Qd6 19. c4 O-O 20. cxd5 exd5 21. Ne3
Bxd3 22. Nxd5 Rae8 23. Qf3 Ne5 24. Nf6+ Bxf6 25. Qxf6 Re6 26. Qf4 Rfe8 27. Red1
c4 28. Qd2 Ng4 29. Bf3 Qd4 30. Bf4 Re2 31. Bxg4 Qxf2+ 0-1

[Event "World Senior Teams +50"]
[Site "Radebeul GER"]
[Date "2016.06.29"]
[Round "4.10"]
[Board "2"]
[White "Lauterbach, Ingrid"]
[Black "Mueller, Gerhard1"]
[Result "1/2-1/2"]
[WhiteTitle "WIM"]
[WhiteElo "2107"]
[BlackElo "2110"]
[WhiteTeam "England 2"]
[BlackTeam "Rochade Bielefeld Revival"]
[WhiteFideId "405221"]
[BlackFideId "4692829"]
[EventDate "2016.06.26"]

1. b3 e5 2. Bb2 d6 3. e3 Nf6 4. d4 Nbd7 5. d5 g6 6. Be2 Bg7 7. h4 O-O 8. h5 a5
9. Nc3 Nc5 10. a4 Nfe4 11. Nxe4 Nxe4 12. Nh3 f5 13. hxg6 hxg6 14. g3 Qe7 15. Qd3
Nc5 16. Qd2 Ne4 17. Qd3 Nc5 18. Qd2 Ne4 19. Qd3 1/2-1/2

[Event "World Senior Teams +50"]
[Site "Radebeul GER"]
[Date "2016.06.29"]
[Round "4.10"]
[Board "3"]
[White "Beilfuss, Wilfried"]
[Black "Page, Mark E"]
[Result "0-1"]
[WhiteElo "2193"]
[BlackElo "2080"]
[WhiteTeam "Rochade Bielefeld Revival"]
[BlackTeam "England 2"]
[WhiteFideId "4607856"]
[BlackFideId "417050"]
[EventDate "2016.06.26"]

1. c4 Nf6 2. Nc3 g6 3. e4 d6 4. d4 Bg7 5. f3 O-O 6. Be3 e5 7. Nge2 c6 8. d5 cxd5
9. cxd5 Nh5 10. g4 Nf4 11. Nxf4 exf4 12. Bxf4 f5 13. exf5 Nd7 14. Be2 Ne5 15.
Qd2 gxf5 16. g5 Ng6 17. O-O-O Nxf4 18. Qxf4 Qa5 19. Qd2 Bd7 20. Kb1 b5 21. Rc1
Qb6 22. Bd3 a5 23. Ne2 a4 24. Bc2 b4 25. b3 Rfe8 26. Ng3 Re3 27. Qd1 axb3 28.
Bxb3 Bb5 29. Rc6 Rxb3+ 30. Qxb3 Qd4 31. Kc1 Be5 32. Rd1 Qa1+ 33. Qb1 Bf4+ 34.
Kc2 Rxa2+ 35. Kb3 Ba4+ 36. Kc4 0-1

[Event "World Senior Teams +50"]
[Site "Radebeul GER"]
[Date "2016.06.29"]
[Round "4.10"]
[Board "4"]
[White "Bowmer, Kevin"]
[Black "Thoele, Wolfgang"]
[Result "0-1"]
[WhiteElo "2071"]
[BlackElo "1990"]
[WhiteTeam "England 2"]
[BlackTeam "Rochade Bielefeld Revival"]
[WhiteFideId "416690"]
[BlackFideId "1271030"]
[EventDate "2016.06.26"]

1. e4 c5 2. Nf3 Nc6 3. d4 cxd4 4. Nxd4 d6 5. c4 g6 6. Nc3 Bg7 7. Be3 Bd7 8. Qd2
Nf6 9. f3 O-O 10. Be2 a6 11. O-O Rc8 12. Rac1 Nxd4 13. Bxd4 Bc6 14. b4 Ne8 15.
b5 axb5 16. cxb5 Bd7 17. Nd5 Bxd4+ 18. Qxd4 Ra8 19. Qb6 Qxb6+ 20. Nxb6 Rd8 21.
Nxd7 Rxd7 22. b6 d5 23. e5 e6 24. Rc8 Ng7 25. Rfc1 Rdd8 26. Rxd8 Rxd8 27. Rc7
Rb8 28. Bb5 Nf5 29. Bd7 Ne3 30. Rc8+ Rxc8 31. Bxc8 Nc4 32. Bxb7 Nxb6 33. Bc6 f6
34. exf6 Kf7 35. a4 Kf8 36. a5 Nc8 37. Kf2 Kf7 38. Ke3 Kf8 39. Bb5 Na7 40. h4
Nxb5 0-1

[Event "World Senior Teams +50"]
[Site "Radebeul GER"]
[Date "2016.06.29"]
[Round "4.11"]
[Board "1"]
[White "Buchal, Stephan"]
[Black "Baarslag, Ed"]
[Result "1-0"]
[WhiteTitle "FM"]
[WhiteElo "2338"]
[BlackElo "2098"]
[WhiteTeam "Werder/BSG Bremen"]
[BlackTeam "Oranje 2"]
[WhiteFideId "4603915"]
[BlackFideId "1014285"]
[EventDate "2016.06.26"]

1. c4 c5 2. g3 Nf6 3. Bg2 d5 4. cxd5 Nxd5 5. Nc3 Nc7 6. Qb3 Nc6 7. Bxc6+ bxc6 8.
Qa4 Qd7 9. Nf3 f6 10. d3 e5 11. Be3 Ne6 12. O-O Rb8 13. Rab1 Nd4 14. Rfc1 Rb4
15. Qa5 Qb7 16. Nd2 Be7 17. Nc4 O-O 18. Bxd4 cxd4 19. Ne4 Rb5 20. Qa4 Qd7 21.
Na5 c5 22. Nb3 a6 23. Nbxc5 Qa7 24. Qc4+ Kh8 25. Ne6 Bxe6 26. Qxe6 f5 27. Nd2
Bg5 28. Rc8 Rb8 29. Rxf8+ Rxf8 30. Nf3 Bf6 31. Rc1 Qb8 32. Qxf5 Re8 33. Rc2 1-0

[Event "World Senior Teams +50"]
[Site "Radebeul GER"]
[Date "2016.06.29"]
[Round "4.11"]
[Board "2"]
[White "Van Geffen, Ben"]
[Black "Rust-Lux, Klaus"]
[Result "1/2-1/2"]
[WhiteElo "2114"]
[BlackElo "2074"]
[WhiteTeam "Oranje 2"]
[BlackTeam "Werder/BSG Bremen"]
[WhiteFideId "1009370"]
[BlackFideId "24682047"]
[EventDate "2016.06.26"]

1. e4 d6 2. d4 Nf6 3. Nc3 g6 4. Be3 c6 5. a4 Bg7 6. a5 O-O 7. h3 Nbd7 8. Nf3 e5
9. dxe5 Nxe5 10. Nxe5 dxe5 11. Bc5 Re8 12. Bc4 Bf8 13. Bxf8 Kxf8 1/2-1/2

[Event "World Senior Teams +50"]
[Site "Radebeul GER"]
[Date "2016.06.29"]
[Round "4.11"]
[Board "3"]
[White "Franke, Reiner"]
[Black "Dijkstra, Matthijs"]
[Result "1/2-1/2"]
[WhiteElo "2274"]
[BlackElo "2034"]
[WhiteTeam "Werder/BSG Bremen"]
[BlackTeam "Oranje 2"]
[WhiteFideId "4603680"]
[BlackFideId "1046985"]
[EventDate "2016.06.26"]

1. c4 f5 2. g3 Nf6 3. Bg2 d6 4. Nc3 e5 5. e4 Nc6 6. d3 Be7 7. Nge2 O-O 8. O-O a6
9. h3 Rb8 10. Be3 Be6 11. exf5 Bxf5 12. g4 Be6 13. f4 d5 14. f5 Bf7 15. cxd5
Nxd5 16. Nxd5 Bxd5 17. Bxd5+ Qxd5 18. Nc3 Qd7 19. Qe2 Rbd8 20. Rad1 Nd4 21. Bxd4 1/2-1/2

[Event "World Senior Teams +50"]
[Site "Radebeul GER"]
[Date "2016.06.29"]
[Round "4.12"]
[Board "1"]
[White "Kuhne, Detlev"]
[Black "Gregor, George"]
[Result "1/2-1/2"]
[WhiteElo "2085"]
[BlackElo "2226"]
[WhiteTeam "Stiftung BSW / DBAG II"]
[BlackTeam "Sachsen-Anhalt"]
[WhiteFideId "4642872"]
[BlackFideId "4640330"]
[EventDate "2016.06.26"]

1. Nf3 Nf6 2. c4 g6 3. g3 Bg7 4. Bg2 O-O 5. O-O d6 6. d4 Nbd7 7. Nc3 e5 8. e4
exd4 9. Nxd4 Re8 10. Re1 Ng4 11. h3 Nge5 12. b3 Nc5 13. Be3 a5 14. Qc2 a4 15.
Rad1 axb3 16. axb3 Na6 17. f4 Nd7 18. Ndb5 Ndc5 19. Bd4 Nb4 20. Qb1 Bxd4+ 21.
Nxd4 Bd7 22. Nd5 Nba6 23. e5 dxe5 24. fxe5 Kg7 25. Nf6 Rxe5 26. Rxe5 Qxf6 27.
Ree1 Nb4 28. Rf1 Qe5 29. Kh2 Ra2 1/2-1/2

[Event "World Senior Teams +50"]
[Site "Radebeul GER"]
[Date "2016.06.29"]
[Round "4.12"]
[Board "2"]
[White "Dietze, Frank"]
[Black "Stahr, Ralf-Peter"]
[Result "0-1"]
[WhiteElo "2135"]
[BlackElo "2018"]
[WhiteTeam "Sachsen-Anhalt"]
[BlackTeam "Stiftung BSW / DBAG II"]
[WhiteFideId "4680979"]
[BlackFideId "4661745"]
[EventDate "2016.06.26"]

1. d4 Nf6 2. c4 e6 3. g3 d5 4. Nf3 Bb4+ 5. Bd2 a5 6. Bg2 O-O 7. O-O Nbd7 8. Bg5
h6 9. Bxf6 Nxf6 10. c5 a4 11. a3 Ba5 12. Qxa4 Bd7 13. Qc2 Ne4 14. Ra2 c6 15. b4
Bc7 16. Ne5 f5 17. f3 Ng5 18. f4 Ne4 19. Nd3 g5 20. e3 Rf7 21. Nc3 h5 22. Bxe4
dxe4 23. Ne5 Rg7 24. Qb3 gxf4 25. exf4 Qf6 26. Rd2 Be8 27. Nd1 h4 28. Rg2 Rd8
29. g4 Rxd4 30. g5 Qe7 31. Qe3 Bxe5 32. fxe5 Rd3 33. Qf4 h3 34. Rg3 Rxg3+ 35.
hxg3 Rxg5 36. Ne3 Bh5 37. Qh4 h2+ 38. Kxh2 Bf3 39. g4 Qg7 40. Kg1 Bxg4 41. Kf2
Bf3 42. Ke1 Rh5 43. Qd8+ Kh7 44. Rf2 Qxe5 45. Qe7+ Qg7 0-1

[Event "World Senior Teams +50"]
[Site "Radebeul GER"]
[Date "2016.06.29"]
[Round "4.12"]
[Board "3"]
[White "Tichatschke, Wolfgang"]
[Black "Mikolajewski, Armin"]
[Result "1/2-1/2"]
[WhiteElo "1975"]
[BlackElo "2076"]
[WhiteTeam "Stiftung BSW / DBAG II"]
[BlackTeam "Sachsen-Anhalt"]
[WhiteFideId "4665724"]
[BlackFideId "24611468"]
[EventDate "2016.06.26"]

1. Nf3 d5 2. g3 g6 3. Bg2 Bg7 4. O-O Nf6 5. d3 O-O 6. c3 c6 7. Qc2 Nbd7 8. Bg5
h6 9. Bf4 Nh5 10. Bc1 e5 11. Nbd2 Re8 12. Re1 Nf8 13. Nf1 e4 14. dxe4 dxe4 15.
Rd1 Qe7 16. Nd4 f5 17. Qb3+ Kh7 18. Be3 Ne6 19. Nxe6 Bxe6 20. Qa4 Nf6 21. Bd4 b5
22. Qa6 Rec8 23. f3 Bc4 24. Re1 Rc7 25. Nd2 Bd5 26. Nb3 Nd7 27. Rad1 Ne5 28. Bc5
Qe8 29. fxe4 fxe4 30. Bd6 Rf7 31. Bxe5 Qxe5 32. Rf1 Raf8 33. Rxf7 Rxf7 34. e3
Bxb3 35. axb3 Qc5 36. Re1 b4 37. Bxe4 bxc3 38. Qd3 Rf8 1/2-1/2

[Event "World Senior Teams +50"]
[Site "Radebeul GER"]
[Date "2016.06.29"]
[Round "4.12"]
[Board "4"]
[White "Domaske, Andreas"]
[Black "Schneider, Karl-Heinz"]
[Result "1/2-1/2"]
[WhiteElo "1946"]
[BlackElo "1975"]
[WhiteTeam "Sachsen-Anhalt"]
[BlackTeam "Stiftung BSW / DBAG II"]
[WhiteFideId "24666319"]
[BlackFideId "24675300"]
[EventDate "2016.06.26"]

1. d4 d5 2. Nf3 Nf6 3. c4 e6 4. g3 c6 5. cxd5 exd5 6. Bg2 Bf5 7. Nc3 h6 8. O-O
Nbd7 9. Nd2 Bb4 10. e4 dxe4 11. Ndxe4 O-O 12. Qb3 Bxc3 13. Nxf6+ Qxf6 14. bxc3
Nb6 15. a4 Bd3 16. Re1 Bc4 17. Qb4 Bd5 18. a5 Bxg2 19. Kxg2 Nd5 20. Qb3 b5 21.
axb6 Nxb6 22. Bf4 Qf5 23. c4 Qd7 24. c5 Qd5+ 25. Qxd5 Nxd5 26. Bd6 Rfd8 27. Ra6
Nb4 28. Ra4 Nd5 29. Ra6 Nb4 30. Ra4 Nd5 1/2-1/2

[Event "World Senior Teams +50"]
[Site "Radebeul GER"]
[Date "2016.06.29"]
[Round "4.13"]
[Board "1"]
[White "Kyas, Juergen"]
[Black "Just, Joachim"]
[Result "1-0"]
[WhiteElo "2190"]
[BlackElo "1926"]
[WhiteTeam "SV Eiche Reichenbrand"]
[BlackTeam "Schachfreunde Zeitz"]
[WhiteFideId "4618157"]
[BlackFideId "4648102"]
[EventDate "2016.06.26"]

1. e4 g6 2. d4 Bg7 3. Nf3 c6 4. Nc3 d5 5. h3 dxe4 6. Nxe4 Nd7 7. Bc4 Ngf6 8.
Nxf6+ Nxf6 9. O-O O-O 10. Re1 b5 11. Bb3 Bb7 12. Qe2 e6 13. Bg5 Qc7 14. Ne5 Nd5
15. Bxd5 cxd5 16. Bf4 Qc8 17. Qxb5 Ba6 18. Qa4 Qb7 19. c3 Rac8 20. Qc2 Rfd8 21.
Qd2 Bb5 22. Ng4 Qe7 23. Re3 Rd7 24. Rae1 Rb7 25. Re5 Qd8 26. Bh6 Bd7 27. Bxg7
Kxg7 28. Qh6+ Kg8 29. Rh5 Be8 30. Qxh7+ Kf8 31. Qh6+ Ke7 32. Qg5+ Kd6 33. Qf4+
Kc6 34. Ne5+ Kb6 35. Rh8 g5 36. Qf3 Qe7 37. Rh7 a5 38. Nd3 Ka7 39. Rh6 Bb5 40.
Nc5 Rbc7 41. b4 Rg8 42. Rh7 Rg6 43. a4 Bc4 44. bxa5 Rf6 45. Qg3 Rf5 46. Rh8 Qf6
47. Re8 g4 48. hxg4 Rg5 49. Re5 Rxe5 50. Qxe5 1-0

[Event "World Senior Teams +50"]
[Site "Radebeul GER"]
[Date "2016.06.29"]
[Round "4.13"]
[Board "3"]
[White "Doering, Hans-Ulrich"]
[Black "Wilke, Frank"]
[Result "1-0"]
[WhiteElo "2131"]
[BlackElo "1920"]
[WhiteTeam "SV Eiche Reichenbrand"]
[BlackTeam "Schachfreunde Zeitz"]
[WhiteFideId "24642495"]
[BlackFideId "16219210"]
[EventDate "2016.06.26"]

1. d4 e6 2. Nf3 d5 3. Bf4 c5 4. e3 Nc6 5. c3 a6 6. Nbd2 Bd6 7. Bg3 Nge7 8. Bd3
cxd4 9. exd4 Ng6 10. O-O Nf4 11. Bc2 Qc7 12. Re1 O-O 13. Ne5 Ng6 14. Ndf3 Ncxe5
15. dxe5 Be7 16. h4 Rd8 17. h5 Nf8 18. Nd4 Bg5 19. Qg4 Qe7 20. f4 Bh6 21. Bh4
Qc7 22. Bxd8 Qxd8 23. g3 f5 24. exf6 Qxf6 25. Qf3 Bd7 26. Re5 g5 27. Qg4 Kh8 28.
Rf1 gxf4 29. gxf4 Re8 30. Rg5 Bxg5 31. fxg5 Qe5 32. g6 hxg6 33. hxg6 Qe3+ 34.
Kg2 Kg8 35. Rf3 Qd2+ 36. Rf2 Qh6 37. Qf3 Re7 38. Kf1 Be8 39. Qf6 Qg7 40. Qg5
Nxg6 41. Rg2 Rf7+ 42. Kg1 Rf6 43. Rg3 Qf7 44. Bxg6 Rxg6 45. Qxg6+ Qxg6 46. Rxg6+
Bxg6 47. Nxe6 Bf5 48. Nf4 Be4 49. Kf2 Kf7 50. Ke3 Kf6 51. Kd4 Bb1 52. a3 Ba2 53.
Nxd5+ Ke6 54. Nb4 Bb3 55. Kc5 Kd7 56. Kb6 Kc8 57. Nd3 Kb8 58. Nc5 Bd5 59. b4 Bf3
60. a4 Bd5 61. c4 Bxc4 62. Nxb7 Be2 63. Nc5 Bf1 64. Nxa6+ Ka8 65. a5 Be2 66.
Nc7+ Kb8 67. a6 Bf3 68. a7+ Kc8 69. a8=Q+ Bxa8 70. Nxa8 1-0

[Event "World Senior Teams +50"]
[Site "Radebeul GER"]
[Date "2016.06.29"]
[Round "4.13"]
[Board "4"]
[White "Just, Fred"]
[Black "Koetzsch, Ulrich"]
[Result "0-1"]
[WhiteElo "2152"]
[BlackElo "2106"]
[WhiteTeam "Schachfreunde Zeitz"]
[BlackTeam "SV Eiche Reichenbrand"]
[WhiteFideId "4643097"]
[BlackFideId "4689771"]
[EventDate "2016.06.26"]

1. d4 f5 2. g3 c6 3. Bg2 g6 4. Nf3 Bg7 5. c4 Nh6 6. Nc3 Nf7 7. e4 d6 8. O-O e5
9. dxe5 dxe5 10. Qxd8+ Kxd8 11. b3 Na6 12. Ba3 Bf8 13. Bxf8 Rxf8 14. Rfe1 Re8
15. Nh4 Kc7 16. f4 exf4 17. exf5 Bxf5 18. Nxf5 gxf5 19. gxf4 Nc5 20. Rad1 Rad8
21. Rxe8 Rxe8 22. Kf2 a5 23. Bf3 Nd6 24. Bg2 Re6 25. Rd4 Rh6 26. Kg3 Rg6+ 27.
Kf2 Ne6 28. Rd3 Rxg2+ 0-1

[Event "World Senior Teams +50"]
[Site "Radebeul GER"]
[Date "2016.06.29"]
[Round "4.14"]
[Board "1"]
[White "Giulian, Philip M"]
[Black "Denk, Adolf"]
[Result "1/2-1/2"]
[WhiteTitle "FM"]
[BlackTitle "FM"]
[WhiteElo "2127"]
[BlackElo "2256"]
[WhiteTeam "Scotland"]
[BlackTeam "Austria"]
[WhiteFideId "2400197"]
[BlackFideId "1600990"]
[EventDate "2016.06.26"]

1. d4 Nf6 2. c4 e6 3. Nc3 Bb4 4. Qc2 c5 5. dxc5 Bxc5 6. Nf3 Nc6 7. Bf4 a6 8. e3
d5 9. cxd5 Nb4 10. Qc1 Nbxd5 11. Nxd5 Qxd5 12. Bc4 Bb4+ 13. Ke2 Qh5 14. a3 Be7
15. h3 Bd7 16. g4 Qa5 17. b4 Qa4 18. Qd1 Rc8 19. Ne5 Qxd1+ 20. Rhxd1 Ba4 21.
Rdc1 O-O 22. Nd3 Rfd8 23. f3 Nd5 24. Bxd5 Rxc1 25. Rxc1 Rxd5 26. Rc8+ Rd8 27.
Rxd8+ Bxd8 28. Kd2 b6 29. Be5 f6 30. Bd6 Kf7 31. h4 g6 32. e4 e5 33. Nb2 Bd7 34.
Nc4 Ke6 35. Bf8 1/2-1/2

[Event "World Senior Teams +50"]
[Site "Radebeul GER"]
[Date "2016.06.29"]
[Round "4.14"]
[Board "2"]
[White "Druckenthaner, Andreas"]
[Black "Findlay, David John"]
[Result "1/2-1/2"]
[WhiteTitle "FM"]
[WhiteElo "2281"]
[BlackElo "2132"]
[WhiteTeam "Austria"]
[BlackTeam "Scotland"]
[WhiteFideId "1600567"]
[BlackFideId "2400278"]
[EventDate "2016.06.26"]

1. e4 e5 2. Nf3 d6 3. Nc3 Nf6 4. g3 g6 5. Bg2 Bg7 6. d4 exd4 7. Nxd4 O-O 8. h3
Bd7 9. O-O Nc6 10. Be3 Re8 11. Nde2 b5 12. a3 a5 13. Nxb5 Rb8 14. Nec3 a4 15.
Rb1 Na5 16. Nd4 Nc4 17. Bc1 c5 18. Nde2 Bc6 19. b3 axb3 20. cxb3 Nxe4 21. Nxe4
Bxe4 22. Bxe4 Rxe4 23. Qd3 Qe8 24. Nf4 Rd4 25. Qf3 Ne5 1/2-1/2

[Event "World Senior Teams +50"]
[Site "Radebeul GER"]
[Date "2016.06.29"]
[Round "4.14"]
[Board "3"]
[White "Giulian, Rosemary A"]
[Black "Ernst, Michael"]
[Result "0-1"]
[WhiteElo "1864"]
[BlackElo "2134"]
[WhiteTeam "Scotland"]
[BlackTeam "Austria"]
[WhiteFideId "2400375"]
[BlackFideId "1618393"]
[EventDate "2016.06.26"]

1. e4 e6 2. d4 d5 3. Nd2 Nf6 4. e5 Nfd7 5. f4 c5 6. c3 Nc6 7. Ndf3 Qb6 8. a3
cxd4 9. cxd4 Na5 10. h4 Nb3 11. Rb1 Nxc1 12. Qxc1 Qd8 13. Bd3 Nb6 14. Ne2 Bd7
15. Nc3 Rc8 16. Kf2 Nc4 17. h5 Qa5 18. Bxc4 dxc4 19. g4 Be7 20. Qe3 O-O 21. g5
Bc6 22. Rh2 b5 23. Nd2 Qb6 24. Nde4 Rfd8 25. Rd1 Rd7 26. Nf6+ gxf6 27. gxf6 Bxf6
28. exf6 Kh8 29. Ne2 Rg8 30. Rg1 Rxg1 31. Kxg1 Qd8 32. Rh3 Qxf6 33. h6 Rd8 34.
Qe5 Rg8+ 35. Kf2 Qxe5 36. dxe5 Rd8 37. b3 Bd5 38. b4 Be4 39. Nc3 Bf5 40. Rg3 a6
41. Ne2 Bg6 42. Re3 Kg8 43. Rc3 Kf8 44. a4 Bh5 45. Ng3 Bg6 46. axb5 axb5 47. Ra3
Rd2+ 48. Ke3 Rb2 49. Kd4 Rxb4 50. Ra8+ Ke7 51. Ra7+ Kd8 52. Kc5 Ra4 53. Rb7 c3
54. Rxb5 Bd3 55. Rb8+ Kc7 0-1

[Event "World Senior Teams +50"]
[Site "Radebeul GER"]
[Date "2016.06.29"]
[Round "4.14"]
[Board "4"]
[White "Gattermayer, Robert"]
[Black "Jennings, Richard"]
[Result "0-1"]
[WhiteElo "2003"]
[BlackElo "1855"]
[WhiteTeam "Austria"]
[BlackTeam "Scotland"]
[WhiteFideId "1602870"]
[BlackFideId "2404435"]
[EventDate "2016.06.26"]

1. e4 e6 2. Qe2 c6 3. Nc3 d5 4. d3 dxe4 5. dxe4 b6 6. Qd2 Qc7 7. Nf3 Nf6 8. Qf4
Qxf4 9. Bxf4 Bb4 10. Bd3 Ba6 11. O-O Bxd3 12. cxd3 O-O 13. a3 Be7 14. Rfd1 Nbd7
15. d4 Nh5 16. Be3 f5 17. d5 exd5 18. exd5 c5 19. d6 Bf6 20. Bg5 Rae8 21. Rd5
Bxg5 22. Nxg5 Nf4 23. Rd2 h6 24. Nf3 g5 25. g3 Ng6 26. Nb5 a6 27. Nc7 Re4 28.
Nxa6 g4 29. Nh4 Nge5 30. Kf1 f4 31. Re1 Rxe1+ 32. Kxe1 f3 33. Kf1 Kg7 34. Nc7
Kf6 35. Nd5+ Kg5 36. b3 Ra8 37. a4 c4 38. Nc7 Ra5 39. Rd4 cxb3 40. Rf4 h5 41.
Rb4 Nc4 42. Ke1 b2 43. Kd1 Rxa4 44. Rb5+ Kh6 45. Nf5+ Kh7 46. Ne8 Ra1+ 47. Kc2
Rc1+ 48. Kd3 Nce5+ 0-1